[Event "AUT-chT2W 0405"]
[Site "Austria"]
[Date "2004.12.04"]
[Round "4.3"]
[White "Duer, Arne"]
[Black "Doskocil, Klaus"]
[Result "1-0"]
[WhiteElo "2386"]
[BlackElo "2219"]
[PlyCount "59"]
[EventDate "2004.10.16"]
[EventType "team-tourn"]
[EventRounds "11"]
[EventCountry "AUT"]
[SourceTitle "EXT 2005"]
[Source "ChessBase"]
[SourceDate "2004.11.15"]
[SourceVersion "1"]
[SourceVersionDate "2004.11.15"]
[SourceQuality "1"]
[WhiteTeam "Absam"]
[BlackTeam "Lustenau"]
[WhiteTeamCountry "AUT"]
[BlackTeamCountry "AUT"]

1. c4 e5 2. g3 Nc6 3. Bg2 f5 4. Nc3 Nf6 5. a3 Be7 6. b4 0-0 7. d3 d6 8. b5 Nd4 9. e3 Ne6 10. Nge2 Qe8 11. 0-0 Qh5 12. Nd5 Nxd5 13. Bxd5 g5 14. f4 Kh8 15. Bb2 Bf6 16. Qd2 Nc5 17. Rae1 Be6 18. Bxe6 Nxe6 19. fxe5 Bxe5 20. Bxe5+ dxe5 21. Qc3 Ng7 22. Qxe5 Rfe8 23. Qc5 b6 24. Qc6 Rad8 25. Nd4 f4 26. gxf4 gxf4 27. Rxf4 Rxe3 28. Rxe3 Qg5+ 29. Qg2 Qxf4 30. Qxg7+ 1-0

[Event "AUT-chT2W 0304"]
[Site "Austria"]
[Date "2004.03.13"]
[Round "10"]
[White "Duer, Arne"]
[Black "Bayer, Bernhard"]
[Result "1-0"]
[WhiteElo "2375"]
[BlackElo "2298"]
[PlyCount "83"]
[EventDate "2003.10.18"]
[EventType "team-tourn"]
[EventRounds "11"]
[EventCountry "AUT"]
[SourceTitle "EXT 2005"]
[Source "ChessBase"]
[SourceDate "2004.11.15"]
[SourceVersion "1"]
[SourceVersionDate "2004.11.15"]
[SourceQuality "1"]
[WhiteTeam "Absam"]
[BlackTeam "Schwaz"]
[WhiteTeamCountry "AUT"]
[BlackTeamCountry "AUT"]

1. c4 e5 2. g3 Nf6 3. Bg2 d5 4. cxd5 Nxd5 5. Nc3 Nb6 6. Nf3 Nc6 7. 0-0 Be7 8. d3 0-0 9. Be3 Be6 10. Qc1 Kh8 11. Ne4 Bd5 12. Nc5 Rb8 13. a3 a5 14. Re1 Nd7 15. Qc3 Nxc5 16. Bxc5 Bxc5 17. Qxc5 Qd6 18. Rac1 f6 19. Nd2 Bxg2 20. Kxg2 Qe6 21. Qc4 Qe7 22. Nf3 f5 23. Qh4 Qxh4 24. Nxh4 Rbd8 25. Rc5 Rf7 26. Rec1 g6 27. Rb5 e4 28. dxe4 fxe4 29. Rxb7 Rd6 30. f4 exf3+ 31. Nxf3 Re7 32. Kf2 Rf6 33. Rc4 Kg8 34. Rb5 Rfe6 35. Rc2 Rf6 36. Rbc5 Ree6 37. Kg2 h6 38. h4 Kf8 39. e4 Ke8 40. R5c4 Kd8 41. R4c3 Ne7 42. e5 1-0

[Event "AUT-chT2W 0304"]
[Site "Austria"]
[Date "2004.01.16"]
[Round "6"]
[White "Duer, Arne"]
[Black "Umansky, Mikhail"]
[Result "1-0"]
[WhiteElo "2375"]
[BlackElo "2452"]
[PlyCount "121"]
[EventDate "2003.10.18"]
[EventType "team-tourn"]
[EventRounds "11"]
[EventCountry "AUT"]
[SourceTitle "EXT 2005"]
[Source "ChessBase"]
[SourceDate "2004.11.15"]
[SourceVersion "1"]
[SourceVersionDate "2004.11.15"]
[SourceQuality "1"]
[WhiteTeam "Absam"]
[BlackTeam "Salzburg Wuestenrot"]
[WhiteTeamCountry "AUT"]
[BlackTeamCountry "AUT"]

1. d4 Nf6 2. Nf3 c5 3. c3 d5 4. Bf4 Qb6 5. Qb3 Nc6 6. dxc5 Qxc5 7. Nbd2 g6 8. h3 Bg7 9. e3 0-0 10. Be2 Re8 11. Ne5 Nh5 12. Nd3 Qa5 13. Bh2 e5 14. 0-0 e4 15. Nf4 Nxf4 16. Bxf4 Ne5 17. Qb5 Qd8 18. Rfd1 a6 19. Qb3 Bf5 20. Nf1 Be6 21. Qc2 Qh4 22. Bg3 Qh6 23. Nd2 g5 24. Nb3 Rad8 25. Nd4 Bc8 26. Qd2 f5 27. Rf1 Kh8 28. Rae1 Rf8 29. f4 Ng6 30. Bd1 gxf4 31. exf4 Rg8 32. Kh1 Bf6 33. Re3 Rg7 34. Qe2 Ne7 35. Qh5 Qxh5 36. Bxh5 Nc6 37. Rd1 Nxd4 38. cxd4 Rdg8 39. Kh2 Bd7 40. Be2 Ba4 41. b3 Bb5 42. Bxb5 axb5 43. Rd2 h5 44. Be1 Bxd4 45. Rg3 Rxg3 46. Bxg3 Rxg3 47. Kxg3 h4+ 48. Kxh4 e3 49. Re2 Bc5 50. Kg3 d4 51. Kf3 Kg7 52. Re1 Kf6 53. Ke2 Ke6 54. Kd3 Kd5 55. g4 Ke6 56. a4 bxa4 57. bxa4 b6 58. Rb1 fxg4 59. hxg4 Kd5 60. Rh1 Bb4 61. Rh5+ 1-0

[Event "AUT-chT 0203"]
[Site "Austria"]
[Date "2003.01.24"]
[Round "6"]
[White "Freitag, Manfred"]
[Black "Duer, Arne"]
[Result "1/2-1/2"]
[WhiteElo "2389"]
[BlackElo "2365"]
[PlyCount "110"]
[EventDate "2002.12.05"]
[EventType "team-tourn"]
[EventRounds "11"]
[EventCountry "AUT"]
[SourceTitle "EXT 2004"]
[Source "ChessBase"]
[SourceDate "2003.11.25"]
[SourceVersion "1"]
[SourceVersionDate "2003.11.25"]
[SourceQuality "1"]
[WhiteTeam "Frohnleiten"]
[BlackTeam "Absam"]
[WhiteTeamCountry "AUT"]
[BlackTeamCountry "AUT"]

1. d4 e6 2. c4 Nf6 3. Nf3 Bb4+ 4. Bd2 Qe7 5. g3 0-0 6. Bg2 Bxd2+ 7. Nbxd2 d6 8. Nf1 e5 9. Ne3 c6 10. 0-0 e4 11. Ne1 d5 12. cxd5 cxd5 13. N1c2 Nc6 14. Qd2 a5 15. Rfc1 Be6 16. f4 exf3 17. exf3 h6 18. Bf1 Rfe8 19. Bb5 Bd7 20. Re1 Qd6 21. a4 Nh7 22. Bf1 Ng5 23. Bg2 Bh3 24. Qd3 Bxg2 25. Kxg2 g6 26. h4 Nh7 27. Qa3 Nb4 28. Ng4 Kg7 29. Nxb4 axb4 30. Qd3 Nf6 31. Ne5 Rac8 32. Rac1 Rc7 33. Rxc7 Qxc7 34. Re2 Rc8 35. Qb5 Qc1 36. Qxb4 Qd1 37. Qd2 Qxa4 38. Qf4 Rc2 39. Kf2 Qb3 40. Rxc2 Qxc2+ 41. Ke3 Qxb2 42. Nd3 Qb5 43. Qe5 h5 44. g4 hxg4 45. fxg4 Qe8 46. g5 Qxe5+ 47. dxe5 Ng8 48. Kd4 Ne7 49. Nf4 Nf5+ 50. Kxd5 Nxh4 51. Kc5 Nf3 52. e6 fxe6 53. Nxe6+ Kf7 54. Nf4 Nxg5 55. Nxg6 Kxg6 1/2-1/2

[Event "AUT-chT 0203"]
[Site "Austria"]
[Date "2002.12.07"]
[Round "3.5"]
[White "Duer, Arne"]
[Black "Schwarz, Michael"]
[Result "1-0"]
[WhiteElo "2365"]
[BlackElo "2410"]
[PlyCount "107"]
[EventDate "2002.12.05"]
[EventType "team-tourn"]
[EventRounds "11"]
[EventCountry "AUT"]
[SourceTitle "CBM 091 ext"]
[Source "ChessBase"]
[SourceDate "2003.01.09"]
[SourceVersion "1"]
[SourceVersionDate "2003.01.09"]
[SourceQuality "1"]
[WhiteTeam "Absam"]
[BlackTeam "Gleisdorf"]
[WhiteTeamCountry "AUT"]
[BlackTeamCountry "AUT"]

1. c4 g6 2. Nc3 Bg7 3. d4 d6 4. e4 Nc6 5. Be3 e5 6. d5 Nd4 7. Nge2 Nxe2 8. Bxe2 f5 9. exf5 Bxf5 10. g4 Bd7 11. h4 Nh6 12. Ne4 Nf7 13. Qd2 Bf6 14. 0-0-0 Be7 15. h5 g5 16. h6 Rg8 17. Rh5 Rg6 18. f3 Kf8 19. Bd3 Kg8 20. Ng3 Rf6 21. Bf5 Bxf5 22. Nxf5 Rg6 23. Kb1 a5 24. Ng7 Qd7 25. Ne6 Rxe6 26. dxe6 Qxe6 27. Qd5 Qxd5 28. cxd5 Kf8 29. Rc1 Bd8 30. Kc2 Ke8 31. Kd3 Kd7 32. Ke4 Be7 33. Rh2 Rg8 34. b3 Rg6 35. Bd2 b6 36. Rch1 Bf8 37. Be3 Be7 38. a3 Rg8 39. Rc2 Rg6 40. b4 axb4 41. axb4 b5 42. Ra2 Rg8 43. Ra7 Rb8 44. Rc1 Bd8 45. Rca1 Bf6 46. Ra8 Rxa8 47. Rxa8 Nxh6 48. Rb8 Nf7 49. Rxb5 Be7 50. Rb8 Bd8 51. b5 Be7 52. Ra8 Bd8 53. Ra7 Ke8 54. Kf5 1-0

[Event "AUT-chT2W 0001"]
[Site "Austria"]
[Date "2001.01.12"]
[Round "6"]
[White "Ferrari, Josef"]
[Black "Duer, Arne"]
[Result "1/2-1/2"]
[WhiteElo "2132"]
[BlackElo "2366"]
[PlyCount "77"]
[EventDate "2000.??.??"]
[EventType "team"]
[EventRounds "9"]
[EventCountry "AUT"]
[SourceTitle "EXT 2002"]
[Source "ChessBase"]
[SourceDate "2001.11.25"]
[SourceVersion "1"]
[SourceVersionDate "2001.11.25"]
[SourceQuality "1"]

1. d4 e6 2. Nf3 Nf6 3. g3 c5 4. Bg2 Nc6 5. 0-0 d5 6. c4 cxd4 7. Nxd4 Bc5 8. Nb3 Be7 9. cxd5 Nxd5 10. e4 Ndb4 11. Qe2 Qd3 12. Qxd3 Nxd3 13. Nc3 0-0 14. Rd1 Nxc1 15. Raxc1 Rd8 16. Rxd8+ Bxd8 17. Rd1 Kf8 18. e5 Bb6 19. Bxc6 bxc6 20. Ne4 Ke7 21. Nbc5 f6 22. exf6+ gxf6 23. b4 a5 24. a3 axb4 25. axb4 e5 26. Kg2 Ra2 27. h3 Rb2 28. Nd3 Re2 29. Nec5 h5 30. Ra1 Rd2 31. Ra3 Rd1 32. Nb2 Rd4 33. Nba4 Rxb4 34. Nxb6 Rxb6 35. Ra7+ Kd6 36. Ne4+ Ke6 37. Rh7 Rb4 38. f3 Rb2+ 39. Kg1 1/2-1/2

[Event "AUT-chT2W 0001"]
[Site "Austria"]
[Date "2000.11.26"]
[Round "5.2"]
[White "Duer, Arne"]
[Black "Grabher, Heinz"]
[Result "1/2-1/2"]
[WhiteElo "2366"]
[BlackElo "2262"]
[PlyCount "67"]
[EventDate "2000.??.??"]
[EventType "team"]
[EventRounds "9"]
[EventCountry "AUT"]
[SourceTitle "EXT 2002"]
[Source "ChessBase"]
[SourceDate "2001.11.25"]
[SourceVersion "1"]
[SourceVersionDate "2001.11.25"]
[SourceQuality "1"]

1. Nf3 Nc6 2. c4 e5 3. d3 Nf6 4. g3 Bb4+ 5. Bd2 Bxd2+ 6. Nbxd2 Qe7 7. Bg2 0-0 8. 0-0 Re8 9. Rc1 d6 10. a3 a5 11. h3 Bd7 12. Kh2 Rad8 13. Qb3 b6 14. e3 e4 15. dxe4 Nxe4 16. Nxe4 Qxe4 17. Qc3 Qf5 18. b4 Qh5 19. Nd4 axb4 20. axb4 Ne5 21. c5 dxc5 22. bxc5 Bg4 23. f4 bxc5 24. fxe5 cxd4 25. exd4 Be6 26. Qe3 Re7 27. Rf4 Bd5 28. Rh4 Qf5 29. Rf1 Qc2 30. Rf2 Qc6 31. Qg5 Red7 32. Rg4 g6 33. Bxd5 Rxd5 34. Qe3 1/2-1/2

[Event "AUT-chT qual"]
[Site "Linz"]
[Date "2000.04.01"]
[Round "2"]
[White "Wegener, Dirk"]
[Black "Duer, Arne"]
[Result "1-0"]
[WhiteElo "2307"]
[BlackElo "2378"]
[PlyCount "81"]
[EventDate "2000.03.31"]
[EventType "team"]
[EventRounds "3"]
[EventCountry "AUT"]
[SourceTitle "EXT 2001"]
[Source "ChessBase"]
[SourceDate "2000.11.22"]
[SourceVersion "1"]
[SourceVersionDate "2000.11.22"]
[SourceQuality "1"]

1. e4 c5 2. Nf3 e6 3. d4 cxd4 4. Nxd4 a6 5. Nc3 d6 6. Be2 Nf6 7. 0-0 Nbd7 8. a4 b6 9. f4 Bb7 10. Bd3 Be7 11. Qf3 Nc5 12. Kh1 0-0 13. b3 Nxd3 14. cxd3 Nd7 15. Nde2 Bf6 16. d4 Re8 17. Bb2 Nf8 18. Rad1 Ng6 19. Ng3 b5 20. axb5 axb5 21. Nh5 b4 22. Na4 Nh4 23. Qe3 d5 24. Nc5 Ba6 25. Nxf6+ Qxf6 26. Nxa6 Rxa6 27. exd5 Rd6 28. dxe6 Rdxe6 29. Qf2 Qd8 30. Rde1 Nf5 31. Re5 Ne7 32. f5 Rf6 33. Qe3 Kf8 34. g4 h5 35. d5 Rd6 36. f6 Rxf6 37. Rxf6 gxf6 38. Qh6+ Kg8 39. Qxf6 Kf8 40. Qh6+ Kg8 41. Qh8+ 1-0

[Event "AUT-chT 9899"]
[Site "Austria"]
[Date "1999.??.??"]
[Round "?"]
[White "Duer, Arne"]
[Black "Lipinsky, Fabian"]
[Result "1/2-1/2"]
[WhiteElo "2380"]
[BlackElo "2395"]
[PlyCount "36"]
[EventDate "1998.??.??"]
[EventType "team"]
[EventRounds "11"]
[EventCountry "AUT"]
[SourceTitle "EXT 2000"]
[Source "ChessBase"]
[SourceDate "1999.11.16"]
[SourceVersion "1"]
[SourceVersionDate "1999.11.16"]
[SourceQuality "1"]

1. c4 c6 2. d4 d5 3. e3 Nf6 4. Nf3 Bf5 5. Nc3 e6 6. Bd3 Bxd3 7. Qxd3 Nbd7 8. 0-0 dxc4 9. Qxc4 Bd6 10. e4 e5 11. Bg5 0-0 12. Rad1 Qe7 13. Qe2 Bb4 14. dxe5 Nxe5 15. Nd4 Ned7 16. Rfe1 Rfe8 17. Qf3 Qf8 18. Nf5 Re6 1/2-1/2

[Event "AUT-chT 9899"]
[Site "Austria"]
[Date "1998.??.??"]
[Round "?"]
[White "Duer, Arne"]
[Black "Weinzettl, Ernst"]
[Result "1-0"]
[WhiteElo "2380"]
[BlackElo "2410"]
[PlyCount "95"]
[EventDate "1998.??.??"]
[EventType "team"]
[EventRounds "11"]
[EventCountry "AUT"]
[SourceTitle "EXT 2000"]
[Source "ChessBase"]
[SourceDate "1999.11.16"]
[SourceVersion "1"]
[SourceVersionDate "1999.11.16"]
[SourceQuality "1"]

1. c4 Nf6 2. Nf3 g6 3. Nc3 Bg7 4. e4 d6 5. d4 0-0 6. Be2 e5 7. dxe5 dxe5 8. Qxd8 Rxd8 9. Bg5 Re8 10. 0-0-0 Na6 11. Ne1 Nc5 12. f3 c6 13. Be3 Bf8 14. Nc2 Ne6 15. Na4 Nd7 16. Rd2 Ndc5 17. Nc3 a5 18. b3 Be7 19. h4 h5 20. g3 Kg7 21. Kb2 a4 22. b4 a3+ 23. Nxa3 Na4+ 24. Nxa4 Bxb4 25. Bd1 Bxa3+ 26. Kxa3 b5 27. cxb5 cxb5 28. Rd5 bxa4 29. Rxe5 Bb7 30. Rb5 Red8 31. Re1 Rd3+ 32. Kb4 Bc6 33. Rb6 Be8 34. Bc2 Rdd8 35. Rd1 Rdc8 36. Bd3 Nd8 37. Rc1 Nc6+ 38. Ka3 Rd8 39. Rc3 Ne5 40. Be2 Kg8 41. Bf4 Ra5 42. Ra6 Rxa6 43. Bxa6 f6 44. Bxe5 fxe5 45. Rc8 Rxc8 46. Bxc8 Kg7 47. Kb4 Kf6 48. Ba6 1-0

[Event "AUT-chT 9899"]
[Site "Austria"]
[Date "1998.??.??"]
[Round "?"]
[White "Teske, Henrik"]
[Black "Duer, Arne"]
[Result "1-0"]
[WhiteElo "2475"]
[BlackElo "2380"]
[PlyCount "59"]
[EventDate "1998.??.??"]
[EventType "team"]
[EventRounds "11"]
[EventCountry "AUT"]
[SourceTitle "EXT 2000"]
[Source "ChessBase"]
[SourceDate "1999.11.16"]
[SourceVersion "1"]
[SourceVersionDate "1999.11.16"]
[SourceQuality "1"]

1. e4 c5 2. Nf3 e6 3. b3 d6 4. Bb2 Nc6 5. Bb5 Bd7 6. Nc3 Nf6 7. d4 cxd4 8. Nxd4 Be7 9. Bxc6 Bxc6 10. Qe2 Rc8 11. 0-0-0 Qa5 12. f4 0-0 13. g4 d5 14. e5 Ne4 15. Nxe4 dxe4 16. Kb1 b5 17. f5 Ba3 18. Bxa3 Qxa3 19. fxe6 fxe6 20. Nxe6 Rfe8 21. Rd6 e3 22. Rc1 Be4 23. Qxb5 Kh8 24. Qd7 Rg8 25. Ng5 Bg6 26. Rxg6 hxg6 27. Nf7+ Kh7 28. g5 Rgf8 29. Qh3+ Kg8 30. e6 1-0

[Event "AUT-chT 9798"]
[Site "Austria"]
[Date "1997.11.08"]
[Round "4"]
[White "Nielsen, Peter Heine"]
[Black "Duer, Arne"]
[Result "1-0"]
[WhiteElo "2515"]
[BlackElo "2405"]
[PlyCount "115"]
[EventDate "1997.10.12"]
[EventType "team-tourn"]
[EventRounds "11"]
[EventCountry "AUT"]
[SourceTitle "CBM 063 ext"]
[Source "ChessBase"]
[SourceDate "1998.04.29"]
[SourceVersion "1"]
[SourceVersionDate "1998.04.29"]
[SourceQuality "1"]
[WhiteTeam "Fuerstenfeld"]
[BlackTeam "Absam"]
[WhiteTeamCountry "AUT"]
[BlackTeamCountry "AUT"]

1. e4 e6 2. d3 d5 3. Qe2 dxe4 4. dxe4 e5 5. Nf3 Nc6 6. g3 Nf6 7. Bg2 Bc5 8. 0-0 0-0 9. c3 a5 10. Nh4 Re8 11. Nd2 b6 12. Nc4 Ba6 13. Nf5 g6 14. Nh6+ Kg7 15. Bg5 Qd7 16. Qf3 Qe6 17. Bh3 Bxc4 18. Bxe6 Rxe6 19. Rfd1 Rf8 20. b3 Ba6 21. Rd2 Bc8 22. Rad1 Be7 23. Be3 Nd8 24. Ng4 Ng8 25. h4 f5 26. exf5 gxf5 27. Nxe5 Rxe5 28. Bd4 Nf7 29. Bxe5+ Nxe5 30. Qf4 Bd6 31. Rxd6 cxd6 32. Rxd6 Re8 33. Rxb6 Bd7 34. Rd6 Bc6 35. Kf1 Be4 36. Rd8 Re6 37. Qg5+ Rg6 38. Qe3 Re6 39. Qd4 Nf6 40. Rd6 Kf7 41. Rxe6 Kxe6 42. Qb6+ Nc6 43. b4 axb4 44. cxb4 Nd7 45. Qe3 Nce5 46. a4 Kd5 47. b5 Nc4 48. Qa7 Nde5 49. b6 Bd3+ 50. Kg2 Be4+ 51. Kh3 Nf3 52. Qa8+ Kd6 53. b7 Ng1+ 54. Kh2 Nf3+ 55. Kg2 Ng5+ 56. Kf1 Bd3+ 57. Kg1 Nf3+ 58. Kh1 1-0

[Event "AUT-ch"]
[Site "Moesern"]
[Date "1997.08.14"]
[Round "13"]
[White "Wittmann, Walter"]
[Black "Duer, Arne"]
[Result "1/2-1/2"]
[WhiteElo "2405"]
[BlackElo "2405"]
[PlyCount "31"]
[EventDate "1997.08.??"]
[EventType "tourn"]
[EventRounds "15"]
[EventCountry "AUT"]
[EventCategory "6"]
[SourceTitle "CBM 059 Extra"]
[Source "ChessBase"]
[SourceDate "1997.09.26"]
[SourceVersion "1"]
[SourceVersionDate "1997.09.26"]
[SourceQuality "1"]

1. e4 e6 2. d4 d5 3. Nd2 c5 4. Ngf3 cxd4 5. exd5 Qxd5 6. Bc4 Qd6 7. 0-0 Nf6 8. Nb3 Nc6 9. Nbxd4 Nxd4 10. Qxd4 Qxd4 11. Nxd4 Bd7 12. Bf4 Rc8 13. Bb3 Bc5 14. Nf3 Ke7 15. Rfe1 Rhd8 16. Be3 1/2-1/2

[Event "AUT-ch"]
[Site "Moesern"]
[Date "1997.08.03"]
[Round "2"]
[White "Casagrande, Harald"]
[Black "Duer, Arne"]
[Result "1-0"]
[WhiteElo "2345"]
[BlackElo "2405"]
[PlyCount "131"]
[EventDate "1997.08.??"]
[EventType "tourn"]
[EventRounds "15"]
[EventCountry "AUT"]
[EventCategory "6"]
[SourceTitle "CBM 059 Extra"]
[Source "ChessBase"]
[SourceDate "1997.09.26"]
[SourceVersion "1"]
[SourceVersionDate "1997.09.26"]
[SourceQuality "1"]

1. d4 Nf6 2. Bg5 d6 3. Bxf6 exf6 4. e3 c6 5. Nd2 Nd7 6. Ne2 f5 7. c4 Nf6 8. Nf4 g6 9. g3 Bg7 10. Bg2 0-0 11. b4 Re8 12. 0-0 Bd7 13. Rb1 Ne4 14. Qc2 Nxd2 15. Qxd2 Rb8 16. b5 Qc7 17. a4 Bh6 18. Ne2 Bg5 19. Rfc1 Rec8 20. c5 dxc5 21. Rxc5 Be7 22. Rc2 Qd6 23. Nf4 Bd8 24. Nd3 Be8 25. Rbc1 Qa3 26. Nc5 cxb5 27. Ra2 Ba5 28. Qc2 Qb4 29. Rb2 Qa3 30. Rb3 Rxc5 31. dxc5 Qxa4 32. Qb2 b4 33. Rd3 Qb5 34. Rd6 b3 35. Bf1 Qa4 36. Bc4 Bc7 37. Bxb3 Qe4 38. Rc4 Qe7 39. Rd1 Bc6 40. Ba4 b5 41. cxb6 Rxb6 42. Qc1 Bxa4 43. Rxa4 Rb7 44. Rad4 Bb6 45. Qc8+ Kg7 46. Rd7 Rxd7 47. Rxd7 Qe6 48. Qc3+ Kh6 49. Rd1 Qe4 50. Rc1 Qe7 51. Qh8 Bc7 52. Qa1 Be5 53. Qa5 Bd6 54. Rc4 Be5 55. Ra4 Bb8 56. Qd5 Bd6 57. Qa8 Bc5 58. Qh8 g5 59. Qc3 Bb6 60. h4 f6 61. Rc4 Kh5 62. Qc2 Qe5 63. hxg5 fxg5 64. g4+ Kh4 65. Qd1 f4 66. Kg2 1-0

[Event "AUT-chT2W 9697"]
[Site "Austria"]
[Date "1997.??.??"]
[Round "6"]
[White "Duer, Arne"]
[Black "Lanka, Zigurds"]
[Result "1/2-1/2"]
[WhiteElo "2400"]
[BlackElo "2510"]
[PlyCount "92"]
[EventDate "1996.??.??"]
[EventType "team"]
[EventRounds "11"]
[EventCountry "AUT"]
[SourceTitle "EXT 1998"]
[Source "ChessBase"]
[SourceDate "1997.11.17"]
[SourceVersion "1"]
[SourceVersionDate "1997.11.17"]
[SourceQuality "1"]

1. d4 Nf6 2. Nf3 g6 3. Bf4 Bg7 4. e3 0-0 5. Be2 d6 6. h3 Nbd7 7. 0-0 Ne4 8. c3 b6 9. Nbd2 Ndf6 10. Nxe4 Nxe4 11. Nd2 Nxd2 12. Qxd2 Bb7 13. Rad1 Kh8 14. Rfe1 e6 15. Bc4 d5 16. Bd3 c5 17. Qe2 f5 18. Ba6 Bxa6 19. Qxa6 g5 20. Bh2 Qc8 21. Qe2 Qc6 22. Qh5 Bf6 23. a3 a6 24. Kh1 Rac8 25. Qe2 b5 26. f3 Bg7 27. Bg1 cxd4 28. exd4 Rf6 29. Bh2 f4 30. Ra1 Rg6 31. Qd3 a5 32. Re2 Qc4 33. Qd1 Bf8 34. Bg1 Kg8 35. Bf2 Bd6 36. Be1 Kf7 37. b3 Qc6 38. a4 Rb8 39. axb5 Qxb5 40. Rb2 a4 41. Kg1 a3 42. Rbb1 h5 43. c4 dxc4 44. bxc4 Qxc4 45. Rxb8 Bxb8 46. Rxa3 Rg8 1/2-1/2

[Event "AUT-chT2W 9697"]
[Site "Austria"]
[Date "1997.??.??"]
[Round "8"]
[White "Fuchs, Georg"]
[Black "Duer, Arne"]
[Result "0-1"]
[WhiteElo "2210"]
[BlackElo "2400"]
[PlyCount "68"]
[EventDate "1996.??.??"]
[EventType "team"]
[EventRounds "11"]
[EventCountry "AUT"]
[SourceTitle "EXT 1998"]
[Source "ChessBase"]
[SourceDate "1997.11.17"]
[SourceVersion "1"]
[SourceVersionDate "1997.11.17"]
[SourceQuality "1"]

1. e4 c5 2. Nf3 e6 3. d4 cxd4 4. Nxd4 Nf6 5. Nc3 d6 6. Be3 a6 7. f3 b5 8. a3 Be7 9. Qd2 Bb7 10. g4 Nc6 11. h4 Nd7 12. 0-0-0 Rc8 13. Nxc6 Bxc6 14. Bf4 Ne5 15. Be2 Qc7 16. Bg5 f6 17. Be3 Qb7 18. Qd4 Rb8 19. Rdf1 Bd7 20. Nd1 0-0 21. g5 Rfc8 22. b3 d5 23. Qb2 dxe4 24. f4 Nd3+ 25. Bxd3 exd3 26. c3 e5 27. Rhg1 Rc6 28. Qg2 b4 29. axb4 Qxb4 30. gxf6 Rxc3+ 31. Nxc3 Qxc3+ 32. Kd1 Bg4+ 33. Rf3 Rxb3 34. f7+ Kf8 0-1